Mountain Range by Picture - Statistics

General Stats
  • This quiz has been taken 21 times
  • The average score is 7 of 16
Answer Stats
Picture Answer % Correct
Andes
100%
Alps
95%
Himalaya
95%
Hindu Kush
53%
Pyrenees
53%
Appalachian Mountains
47%
Cascade Range
47%
Caucasus
47%
Sierra Nevada
47%
Atlas Mountains
42%
Carpathian Mountains
32%
Drakensberg
32%
Southern Alps
21%
Altai Mountains
16%
Great Dividing Range
11%
Ethiopian Highlands
5%
No matching quizzes found
Score Distribution
Percent of People with Each Score
Percentile by Number Answered
Your Score History
You have not taken this quiz